01138nam a2200337Ic 450000100060000000300100000600500170001600700030003300800410003602000180007704000350009504100130013008200210014308200210016410000260018524501030021125000180031426400490033230000350038133600270041633700330044333800280047650000530050452100530055753400250061065000340063565000380066965000310070765000340073870000280077259924CO-BoRNBP20251112145716.0ta210811s2017 sp a jr 000 0 spa d a9788498745436 aCO-BoRNBPbspaerdacCO-BoRNBP1 aspaheng04a645.61bW35l22204a745.61bW35i222 aWinters, Eleanoreaut10aIniciación a la caligrafía /cEleanor Winters ; traducción Anna Coll ; editor David Domingo. a1a. edición 1aMadird, España :bEditorial El Drac,c2017 a128 páginas :bilustraciones atextobtxt2rdacontent asin mediaciónbn2rdamedia avolumenbnc2rdacarrier aIncluye índice alfabético al final del texto aRecomendado para un público mayor de 15 años tCalligraphy for kids07aCaligrafíaxTécnica2lemb07aEscultura GoticaxTécnica2lemb07aEscrituraxTécnica2rnbp07aGrafologíaxTécnica2lemb aColl Vinent, Annaetrl